000 01136nam a22003377a 4500
001 BR8005713
003 BR-BrBNA
005 20230928090747.0
007 ta
008 230509b bl.||||| |||| 00| 0 por d
040 _aBR-BrBNA
_bpor
_cBiblioteca Nacional de Agricultura
041 _a(Por)
072 _aE50; M00
_b/G514
090 _ E50 BR8005713
100 1 _aReis, J.A. dos
100 1 _aBarreira, J.N.F.
100 1 _aNegreiros, M.L.
100 1 _aAraujo, N.M. de
110 1 _aCentro de Treinamento em Desenvolvimento Economico, Fortaleza, CE (Brasil)
_91678
245 1 _aO papel da mulher na comunidade pesqueira de Mundau municipio de Trairi-Ceara [desenvolvimento pesqueiro, renda familiar, Brasil]
260 3 _aFortaleza, CE (Brasil):
_c1980.
300 _a149 p.
500 _a(*) Documento disponível no(a) Centro de Treinamento em Desenvolvimento Economico, Fortaleza, CE (Brazil)
650 _aCOMUNIDADE PESQUEIRA
650 _aDESENVOLVIMENTO PESQUEIRO
650 _aRENDA FAMILIAR
650 _aSOCIOLOGIA RURAL
650 _aCEARA
909 _a202309
_bLucia
_c55
_dLucia Elande
942 _cBK
999 _c30397
_d30397